| 000 | 00529cam a22001697a 4500 | ||
|---|---|---|---|
| 008 | 180718b1998 xxu||||| |||| 00| 0 eng d | ||
| 020 | _a8122004997 | ||
| 082 | _aDx54 D642a | ||
| 100 | _aDixit, J.N. | ||
| 245 |
_aAssignment Colombo _cby J.N. Dixit |
||
| 260 |
_aDelhi _bKonark _c1998 |
||
| 300 | _a393p. | ||
| 650 | _aSri Lanka --Foreign relations --India | ||
| 650 | _aIndia --Foreign relations --Sri Lanka | ||
| 650 | _aSri Lanka --Politics and government --1978- | ||
| 650 | _aIndia. Treaties, etc. Sri Lanka, 1987 July 29 | ||
| 999 |
_c382661 _d382661 |
||